Godzilla Quiz - Statistics

General Stats
  • This quiz has been taken 74 times
  • The average score is 22 of 46
Answer Stats
Hint Answer % Correct
radioactive lizard godzilla
100%
giant ape king kong
91%
a moth known to be #1s wife mothra
91%
mechanical version of #1 mechagodzilla
84%
giant bird representing a pterodactyl rodan
84%
three headed dragon king ghidorah
83%
space version of #1 spacegodzilla
72%
red ape skar king
66%
#1s son minilla
64%
giant plant biollante
62%
evil version of #4 battra
60%
giant lobster ebirah
55%
cyborg alien gigan
55%
slime hedorah
55%
giant spider kumonga
55%
another giant spider scylla
55%
white shimo
55%
mechanical version of #2 mecha king ghidorah
53%
1998 version of #1 zilla
53%
the first kaiju that appeared in a toho film anguirus
52%
giant robot moguera
52%
mutated from the oxygen destroyer destoroyah
50%
giant serpent manda
50%
giant black kaiju orga
50%
giant beetle megalon
48%
two bugs Muto
48%
another robot jet jaguar
47%
mutated bug megaguirus
47%
giant elephant behemoth
45%
dinosaur gorosaurus
45%
giant mantis kamacuras
43%
giant green kaiju gabara
40%
another name for #2 monster x
36%
helped #1 fight mechanical version king caesar
34%
baby kong suko
33%
dragon. ion dragon
28%
giant squid gezora
26%
a kaiju from king of the monsters methuselah
26%
based off a real dinosaur titanosaurus
26%
just in gxk idk Tiamat
24%
war smth war bat
21%
from the comics muto prime
17%
apes enemy skull crawler
17%
from the 1999 film millennian
16%
from monarch frost vark
9%
giant crab mantleclaw
9%
No matching quizzes found
Score Distribution
Percent of People with Each Score
Percentile by Number Answered
Your Score History
You have not taken this quiz